[Event "WchT Seniors 50"]
[Site "Krakow"]
[Date "2024.07.10"]
[Round "8.3"]
[White "Fraser Mitchell, Jeremy N"]
[Black "Jackson, Sheila"]
[Result "1/2-1/2"]
[WhiteElo "2036"]
[BlackElo "1988"]
[PlyCount "40"]
[EventDate "2024.07.02"]
[EventType "team-swiss"]
[EventRounds "9"]
[EventCountry "POL"]
[SourceTitle "CBM 221 Extra"]
[Source "ChessBase"]
[SourceDate "2024.09.30"]
[SourceVersion "1"]
[SourceVersionDate "2024.09.30"]
[SourceQuality "1"]
[WhiteTeam "England 50 III"]
[BlackTeam "England 50 (W)"]
[WhiteTeamCountry "ENG"]
[BlackTeamCountry "ENG"]

1. d4 d5 2. Nc3 Nf6 3. Bf4 Bf5 4. f3 e6 5. g4 Bg6 6. h4 h6 7. e3 Bd6 8. Nce2 c5 9. c3 Nc6 10. Kf2 e5 11. dxe5 Nxe5 12. Bxe5 Bxe5 13. Nh3 Nxg4+ 14. fxg4 Qxh4+ 15. Kg1 Qxg4+ 16. Bg2 Be4 17. Nef4 Qg3 18. Qe1 Qxe1+ 19. Rxe1 0-0-0 20. Rd1 Bxg2 1/2-1/2

[Event "WchT Seniors 50"]
[Site "Krakow"]
[Date "2024.07.02"]
[Round "1.3"]
[White "Czernicki, Bogdan"]
[Black "Fraser Mitchell, Jeremy N"]
[Result "1/2-1/2"]
[WhiteElo "1886"]
[BlackElo "2036"]
[PlyCount "63"]
[EventDate "2024.07.02"]
[EventType "team-swiss"]
[EventRounds "9"]
[EventCountry "POL"]
[SourceTitle "CBM 221 Extra"]
[Source "ChessBase"]
[SourceDate "2024.09.30"]
[SourceVersion "1"]
[SourceVersionDate "2024.09.30"]
[SourceQuality "1"]
[WhiteTeam "Poland Malopolska 50"]
[BlackTeam "England 50 III"]
[WhiteTeamCountry "POL"]
[BlackTeamCountry "ENG"]

1. d4 f5 2. Nc3 Nf6 3. Bg5 d5 4. e3 e6 5. Nf3 Be7 6. Be2 0-0 7. 0-0 c6 8. Ne5 Nbd7 9. Bxf6 Nxf6 10. f4 Bd7 11. a3 c5 12. g4 cxd4 13. exd4 Ne4 14. gxf5 Nxc3 15. bxc3 exf5 16. Bf3 Be6 17. Re1 Bh4 18. Re2 Qf6 19. Rg2 Rac8 20. Qd2 Rc7 21. Rb1 Rd8 22. Rb3 Qf8 23. Qe3 Qd6 24. Re2 Bf6 25. Bg2 Bxe5 26. Qxe5 Qxe5 27. Rxe5 Kf7 28. Kf2 b6 29. Ke3 Kf6 30. Kd2 h6 31. h4 g6 32. Re3 1/2-1/2

[Event "BCF-chT3E 2224 (4NCL)"]
[Site "England"]
[Date "2024.03.17"]
[Round "8.52"]
[White "Hedger, Alec"]
[Black "Fraser Mitchell, Jeremy N"]
[Result "1-0"]
[WhiteElo "2071"]
[BlackElo "2089"]
[PlyCount "71"]
[EventDate "2023.11.11"]
[EventType "team-tourn"]
[EventRounds "11"]
[EventCountry "ENG"]
[SourceTitle "EXT 2025"]
[Source "ChessBase"]
[SourceDate "2024.10.14"]
[SourceVersion "1"]
[SourceVersionDate "2024.10.14"]
[SourceQuality "1"]
[WhiteTeam "Sussex Martlets II"]
[BlackTeam "MK Phoenix"]
[WhiteTeamCountry "ENG"]
[BlackTeamCountry "ENG"]

1. e4 e6 2. d4 d5 3. exd5 exd5 4. c4 Bb4+ 5. Nc3 Ne7 6. Nf3 0-0 7. Bd3 dxc4 8. Bxc4 Bg4 9. Be3 Nbc6 10. 0-0 Bxc3 11. bxc3 Nd5 12. Rc1 Nce7 13. Bg5 c6 14. Re1 f6 15. Bh4 Qd7 16. h3 Bh5 17. Ne5 fxe5 18. Qxh5 Ng6 19. dxe5 Qe6 20. Bg3 Rf5 21. Qg4 Re8 22. Bd3 Rf7 23. Qxe6 Rxe6 24. Bc4 Nf8 25. Rcd1 Rd7 26. f4 g6 27. Bf2 b5 28. Bxd5 cxd5 29. g4 Ra6 30. f5 gxf5 31. gxf5 Rxa2 32. e6 Rg7+ 33. Kf1 Re7 34. Bc5 Re8 35. Rxd5 Kg7 36. e7 1-0

[Event "British Rapidplay"]
[Site "Peterborough"]
[Date "2024.03.03"]
[Round "8"]
[White "Fraser Mitchell, Jeremy N"]
[Black "Davies, Peter L"]
[Result "1-0"]
[WhiteElo "2054"]
[BlackElo "1895"]
[PlyCount "81"]
[EventDate "2024.03.02"]
[EventType "swiss (rapid)"]
[EventRounds "11"]
[EventCountry "ENG"]
[SourceTitle "CBM 219 Extra"]
[Source "ChessBase"]
[SourceDate "2024.05.31"]
[SourceVersion "1"]
[SourceVersionDate "2024.05.31"]
[SourceQuality "1"]

1. f4 d5 2. Nf3 Nf6 3. e3 e6 4. b3 Be7 5. Bb2 0-0 6. Be2 c5 7. 0-0 Nc6 8. Qe1 d4 9. Na3 a6 10. Nc4 b5 11. Nce5 Nxe5 12. Nxe5 Bb7 13. Bf3 Bxf3 14. Rxf3 Qb6 15. g4 Rad8 16. g5 Nh5 17. Rh3 g6 18. Rxh5 gxh5 19. Qh4 f6 20. gxf6 Bxf6 21. Qxh5 Bxe5 22. Qxe5 Rf5 23. Qe4 Qd6 24. Kh1 Qd5 25. Rg1+ Kf7 26. Qxd5 Rfxd5 27. e4 Rh5 28. d3 Rg8 29. Rxg8 Kxg8 30. Kg2 Kf7 31. Bc1 Rh6 32. f5 Rh5 33. fxe6+ Kxe6 34. Bf4 c4 35. b4 cxd3 36. cxd3 a5 37. a3 axb4 38. axb4 Kf6 39. Kg3 Kg6 40. Kg4 h6 41. h4 1-0

[Event "British Rapidplay"]
[Site "Peterborough"]
[Date "2024.03.02"]
[Round "1"]
[White "Liu, Jacob"]
[Black "Fraser Mitchell, Jeremy N"]
[Result "0-1"]
[WhiteElo "1691"]
[BlackElo "2054"]
[PlyCount "82"]
[EventDate "2024.03.02"]
[EventType "swiss (rapid)"]
[EventRounds "11"]
[EventCountry "ENG"]
[SourceTitle "CBM 219 Extra"]
[Source "ChessBase"]
[SourceDate "2024.05.31"]
[SourceVersion "1"]
[SourceVersionDate "2024.05.31"]
[SourceQuality "1"]

1. e4 Nc6 2. d4 d5 3. exd5 Qxd5 4. Nf3 Bg4 5. Be2 0-0-0 6. Nc3 Qh5 7. Be3 e5 8. d5 Bb4 9. 0-0 Nf6 10. h3 Bxc3 11. bxc3 e4 12. hxg4 Nxg4 13. Nh4 f5 14. Bxg4 fxg4 15. g3 Rxd5 16. Qe2 Ne5 17. Rfd1 Nf3+ 18. Nxf3 gxf3 19. Rxd5 Qxd5 20. Qf1 Qf5 21. Kh2 g5 22. Qh3 g4 23. Qh4 Rd8 24. Qg5 Qe6 25. Bd4 Rd5 26. Qf6 Qe8 27. Qh8 Qxh8 28. Bxh8 Rd2 29. Bd4 Rxc2 30. a4 b6 31. a5 c5 32. axb6 axb6 33. Be3 Kb7 34. Ra3 Kc6 35. Kg1 b5 36. Kf1 Kd5 37. Ke1 Kc4 38. Kd1 Re2 39. Ra5 Rb2 40. Kc1 Re2 41. Kb1 Rxe3 0-1

[Event "GBR-ch Seniors 50 108th"]
[Site "Torquay"]
[Date "2022.08.10"]
[Round "3"]
[White "Brusey, Alan W"]
[Black "Fraser Mitchell, Jeremy N"]
[Result "1/2-1/2"]
[WhiteElo "1994"]
[BlackElo "2080"]
[PlyCount "65"]
[EventDate "2022.08.08"]
[EventType "swiss"]
[EventRounds "7"]
[EventCountry "ENG"]
[SourceTitle "EXT 2024"]
[Source "ChessBase"]
[SourceDate "2023.10.10"]
[SourceVersion "1"]
[SourceVersionDate "2023.10.10"]
[SourceQuality "1"]

1. e4 e6 2. d4 d5 3. e5 c5 4. c3 Nc6 5. Nf3 Nh6 6. dxc5 Bxc5 7. b4 Bb6 8. Bxh6 gxh6 9. Qd2 Qc7 10. Bb5 Bd7 11. Bxc6 Bxc6 12. Qf4 0-0-0 13. a4 a5 14. b5 Bd7 15. 0-0 Kb8 16. Rc1 Rhg8 17. Nbd2 f5 18. Qxh6 Rg6 19. Qxh7 Rdg8 20. g3 f4 21. Nd4 fxg3 22. hxg3 R8g7 23. Qh8+ Bc8 24. N2f3 Qf7 25. Qh2 Rxg3+ 26. fxg3 Qxf3 27. Qf2 Rxg3+ 28. Kf1 Qh1+ 29. Ke2 Qe4+ 30. Kf1 Qh1+ 31. Ke2 Qh5+ 32. Kf1 Qh1+ 33. Ke2 1/2-1/2

[Event "GBR-ch Seniors 50 108th"]
[Site "Torquay"]
[Date "2022.08.08"]
[Round "1"]
[White "Shepley, Julien M"]
[Black "Fraser Mitchell, Jeremy N"]
[Result "1/2-1/2"]
[WhiteElo "1857"]
[BlackElo "2080"]
[PlyCount "91"]
[EventDate "2022.08.08"]
[EventType "swiss"]
[EventRounds "7"]
[EventCountry "ENG"]
[SourceTitle "EXT 2024"]
[Source "ChessBase"]
[SourceDate "2023.10.10"]
[SourceVersion "1"]
[SourceVersionDate "2023.10.10"]
[SourceQuality "1"]

1. e4 e6 2. d4 d5 3. e5 c5 4. c3 Nc6 5. Nf3 Nh6 6. Bxh6 gxh6 7. g3 cxd4 8. cxd4 Bg7 9. Bg2 0-0 10. 0-0 f6 11. Re1 Bd7 12. Nc3 a6 13. Qe2 fxe5 14. dxe5 Qe7 15. Rad1 Rae8 16. Qd2 Kh8 17. Kh1 Rf5 18. g4 Rf7 19. Re3 Ref8 20. Rf1 Rf4 21. Ne2 Rxg4 22. Ned4 Nxd4 23. Nxd4 Qh4 24. Nf3 Qh5 25. Qd1 Rgf4 26. b3 Bc6 27. Nd4 Qxd1 28. Rxd1 Bd7 29. Bh3 Re8 30. Kg2 Kg8 31. Kg3 Rf7 32. f4 Bf8 33. f5 exf5 34. Kf4 Be7 35. Rg1+ Rg7 36. Rxg7+ Kxg7 37. Nxf5+ Bxf5 38. Kxf5 Bg5 39. Rd3 Rd8 40. Bg2 Rf8+ 41. Ke6 Re8+ 42. Kxd5 Rd8+ 43. Ke4 Rxd3 44. Kxd3 b6 45. Ke4 Kf7 46. Bf1 1/2-1/2

[Event "ENG-ch Seniors 50"]
[Site "Milton Keynes"]
[Date "2021.10.10"]
[Round "7"]
[White "Fraser Mitchell, Jeremy N"]
[Black "Waddington, Mike P"]
[Result "0-1"]
[WhiteElo "2058"]
[BlackElo "2047"]
[PlyCount "74"]
[EventDate "2021.10.04"]
[EventType "swiss"]
[EventRounds "7"]
[EventCountry "ENG"]
[SourceTitle "EXT 2023"]
[Source "ChessBase"]
[SourceDate "2022.10.05"]
[SourceVersion "1"]
[SourceVersionDate "2022.10.05"]
[SourceQuality "1"]

1. f4 f5 2. Nf3 Nf6 3. g3 g6 4. Bg2 Bg7 5. 0-0 0-0 6. d3 d6 7. c3 Nc6 8. Na3 e5 9. fxe5 dxe5 10. Qb3+ Kh8 11. Ng5 Qe7 12. Bd2 a5 13. Rae1 h6 14. Nh3 e4 15. Nf4 Kh7 16. Nc4 g5 17. Nh3 Ng4 18. dxe4 fxe4 19. Rxf8 Bxf8 20. Rf1 Bg7 21. Ne3 Nf6 22. Nf5 Bxf5 23. Rxf5 Rd8 24. Be3 b6 25. Nf2 Rd6 26. h3 Kh8 27. Qb5 Qe6 28. g4 Qxa2 29. Rxf6 Bxf6 30. Nxe4 Rd1+ 31. Kf2 Qe6 32. Bf3 Ne5 33. Bd4 Bg7 34. Qa4 Rb1 35. Qc2 Ra1 36. Bg2 Qf7+ 37. Kg3 Qf4# 0-1

[Event "ENG-ch Seniors 50"]
[Site "Milton Keynes"]
[Date "2021.10.08"]
[Round "5"]
[White "Robson, Ian A"]
[Black "Fraser Mitchell, Jeremy N"]
[Result "1-0"]
[WhiteElo "2189"]
[BlackElo "2058"]
[PlyCount "55"]
[EventDate "2021.10.04"]
[EventType "swiss"]
[EventRounds "7"]
[EventCountry "ENG"]
[SourceTitle "EXT 2023"]
[Source "ChessBase"]
[SourceDate "2022.10.05"]
[SourceVersion "1"]
[SourceVersionDate "2022.10.05"]
[SourceQuality "1"]

1. e4 e6 2. d4 d5 3. Nd2 dxe4 4. Nxe4 Qd5 5. Bd3 Nf6 6. f3 Nc6 7. Ne2 Bd7 8. c3 0-0-0 9. 0-0 h6 10. b4 Be8 11. Be3 Qd7 12. b5 Na5 13. c4 b6 14. Bd2 Nxe4 15. Bxa5 Nc5 16. Bc3 Nxd3 17. Qxd3 f5 18. Qe3 g5 19. a4 Bg7 20. a5 Bf7 21. axb6 cxb6 22. c5 bxc5 23. dxc5 Bxc3 24. Qxc3 Qd3 25. Rxa7 Qxc3 26. Nxc3 Rhf8 27. Rfa1 e5 28. c6 1-0

[Event "WchT Seniors 50"]
[Site "Prague"]
[Date "2020.03.10"]
[Round "5.12"]
[White "Fraser Mitchell, Jeremy N"]
[Black "Schulenburg, Bernd"]
[Result "1/2-1/2"]
[WhiteElo "2059"]
[BlackElo "2175"]
[PlyCount "81"]
[EventDate "2020.03.06"]
[EventType "team-swiss"]
[EventRounds "7"]
[EventCountry "CZE"]
[SourceTitle "CBM 195 Extra"]
[Source "ChessBase"]
[SourceDate "2020.05.31"]
[SourceVersion "1"]
[SourceVersionDate "2020.05.31"]
[SourceQuality "1"]
[WhiteTeam "England 50 II"]
[BlackTeam "Germany 50 III"]
[WhiteTeamCountry "ENG"]
[BlackTeamCountry "GER"]

1. d4 Nf6 2. c4 e6 3. Nc3 Bb4 4. f3 c5 5. d5 d6 6. e4 exd5 7. cxd5 0-0 8. Bd3 b5 9. Nge2 a6 10. 0-0 Nbd7 11. Be3 Re8 12. Bf2 Ne5 13. a3 Ba5 14. b4 Nxd3 15. Qxd3 cxb4 16. axb4 Bxb4 17. Nxb5 a5 18. Nbd4 Ba6 19. Qb3 Qd7 20. Rfc1 Rec8 21. Be3 Qe8 22. Kf2 Bxe2 23. Kxe2 Rxc1 24. Rxc1 Bc5 25. Nc6 a4 26. Qa2 Nd7 27. Bf4 f6 28. Rb1 Kf7 29. Nb4 Ne5 30. Nd3 Nxd3 31. Kxd3 Qc8 32. Qc4 a3 33. Ra1 Qb7 34. Bc1 Ra5 35. Kc2 Rb5 36. Ra2 Qb6 37. Qa4 Rb4 38. Qd7+ Kf8 39. Qc8+ Ke7 40. Qe6+ Kf8 41. Qc8+ 1/2-1/2

[Event "BCF-chT3Sb 1920 (4NCL)"]
[Site "England"]
[Date "2020.02.09"]
[Round "6.62"]
[White "Fraser Mitchell, Jeremy N"]
[Black "Menzies, Colin"]
[Result "0-1"]
[WhiteElo "2062"]
[BlackElo "2181"]
[PlyCount "96"]
[EventDate "2019.11.09"]
[EventType "team-tourn"]
[EventRounds "11"]
[EventCountry "ENG"]
[SourceTitle "EXT 2023"]
[Source "ChessBase"]
[SourceDate "2022.10.05"]
[SourceVersion "1"]
[SourceVersionDate "2022.10.05"]
[SourceQuality "1"]
[WhiteTeam "MK Phoenix"]
[BlackTeam "Fermented Sharks"]
[WhiteTeamCountry "ENG"]
[BlackTeamCountry "ENG"]

1. d4 Nf6 2. c4 e6 3. Nc3 Bb4 4. Bg5 c5 5. d5 d6 6. e3 exd5 7. cxd5 Nbd7 8. Bb5 h6 9. Bxd7+ Bxd7 10. Bh4 g5 11. Bg3 Ne4 12. Nge2 h5 13. f3 Nxg3 14. Nxg3 h4 15. Nge2 Qe7 16. Qd3 b5 17. 0-0-0 c4 18. Qe4 f5 19. Qxe7+ Kxe7 20. e4 Bxc3 21. Nxc3 b4 22. Ne2 fxe4 23. fxe4 Bg4 24. Rde1 Bxe2 25. Rxe2 Rhf8 26. e5 Rf5 27. Rhe1 Raf8 28. g4 Rf1 29. e6 Rxe1+ 30. Rxe1 Rf4 31. h3 Rf3 32. Re4 Rd3 33. Rxc4 Rxd5 34. Rxb4 Rd3 35. Rb5 Rxh3 36. Rxg5 Rh1+ 37. Kc2 h3 38. Rg7+ Kxe6 39. Rxa7 h2 40. Rh7 d5 41. a4 d4 42. a5 d3+ 43. Kxd3 Rd1+ 44. Kc4 h1Q 45. Rxh1 Rxh1 46. b4 Kd6 47. Kb5 Kc7 48. a6 Rg1 0-1

[Event "WchT Seniors 50"]
[Site "Rhodes"]
[Date "2019.04.18"]
[Round "3.6"]
[White "Fraser Mitchell, Jeremy N"]
[Black "Hughes, Anthony"]
[Result "1-0"]
[WhiteElo "2073"]
[BlackElo "1910"]
[PlyCount "87"]
[EventDate "2019.04.16"]
[EventType "team-swiss"]
[EventRounds "9"]
[EventCountry "GRE"]
[SourceTitle "CBM 190 Extra"]
[Source "ChessBase"]
[SourceDate "2019.07.15"]
[SourceVersion "1"]
[SourceVersionDate "2019.07.15"]
[SourceQuality "1"]
[WhiteTeam "England II"]
[BlackTeam "Wales"]
[WhiteTeamCountry "ENG"]
[BlackTeamCountry "WLS"]

1. d4 d5 2. c4 e6 3. Nc3 Be7 4. cxd5 exd5 5. Bf4 Nf6 6. e3 c6 7. Bd3 0-0 8. h3 Re8 9. Nf3 Nbd7 10. 0-0 Nf8 11. Qc2 Ng6 12. Bh2 Bd6 13. Bxd6 Qxd6 14. Rab1 a5 15. Rfc1 Be6 16. Na4 Nd7 17. a3 Rec8 18. Ng5 Qe7 19. Nxe6 fxe6 20. Bxg6 hxg6 21. Qxg6 e5 22. Nc3 Rf8 23. Qd3 Qh4 24. Rc2 Rae8 25. b4 axb4 26. axb4 Re6 27. b5 e4 28. Qf1 Rg6 29. Kh1 Nf6 30. bxc6 bxc6 31. g3 Qh5 32. Ne2 Qf5 33. Nf4 Rh6 34. Rxc6 g5 35. Ne6 Rxh3+ 36. Kg1 Qh7 37. Qg2 g4 38. Nxf8 Qe7 39. Ng6 Qa3 40. Rxf6 Qd3 41. Rfb6 Qc2 42. Qf1 Qa4 43. Qd1 Qa7 44. Rb8+ 1-0

[Event "BCF-chT3Sa 1819 (4NCL)"]
[Site "England"]
[Date "2019.01.13"]
[Round "4.12"]
[White "Fraser Mitchell, Jeremy N"]
[Black "McMichael, Richard"]
[Result "1/2-1/2"]
[WhiteElo "2067"]
[BlackElo "2173"]
[PlyCount "101"]
[EventDate "2018.11.17"]
[EventType "team-tourn"]
[EventRounds "7"]
[EventCountry "ENG"]
[SourceTitle "EXT 2021"]
[Source "ChessBase"]
[SourceDate "2020.10.23"]
[SourceVersion "1"]
[SourceVersionDate "2020.10.23"]
[SourceQuality "1"]
[WhiteTeam "MK Phoenix"]
[BlackTeam "Kings Head"]
[WhiteTeamCountry "ENG"]
[BlackTeamCountry "ENG"]

1. f4 d6 2. Nf3 g6 3. g3 c5 4. Bg2 Bg7 5. 0-0 Nc6 6. Nc3 e6 7. e4 Nge7 8. d3 Rb8 9. a4 0-0 10. Be3 Nd4 11. Qd2 a6 12. Ra2 Nec6 13. Ne1 f5 14. Nd1 d5 15. e5 b5 16. axb5 axb5 17. c3 Nb3 18. Qc2 c4 19. Nf3 Rf7 20. Nf2 Bf8 21. Rd1 Rfb7 22. Kh1 Rd7 23. Nh3 Bb7 24. Nhg5 Qe7 25. Nd4 Nbxd4 26. Bxd4 Nxd4 27. cxd4 h6 28. Nf3 Ra8 29. Rda1 Rdd8 30. h3 Rxa2 31. Rxa2 Ra8 32. Rxa8 Bxa8 33. Nh4 Kh7 34. dxc4 bxc4 35. Qa4 Bb7 36. Qb5 Bc8 37. Qc6 Bd7 38. Qb7 Ba4 39. Qa6 Be8 40. Kh2 g5 41. fxg5 hxg5 42. Nxf5 exf5 43. Bxd5 Bg6 44. Qxc4 g4 45. hxg4 fxg4 46. Qc8 Qb4 47. Qxg4 Qxb2+ 48. Kh3 Qf2 49. Be4 Qf1+ 50. Kh2 Qf2+ 51. Kh3 1/2-1/2

[Event "BCF-chT3Sa 1819 (4NCL)"]
[Site "England"]
[Date "2019.01.12"]
[Round "3.22"]
[White "Lawson, Maurice Elliot"]
[Black "Fraser Mitchell, Jeremy N"]
[Result "1/2-1/2"]
[WhiteElo "1965"]
[BlackElo "2067"]
[PlyCount "110"]
[EventDate "2018.11.17"]
[EventType "team-tourn"]
[EventRounds "7"]
[EventCountry "ENG"]
[SourceTitle "EXT 2021"]
[Source "ChessBase"]
[SourceDate "2020.10.23"]
[SourceVersion "1"]
[SourceVersionDate "2020.10.23"]
[SourceQuality "1"]
[WhiteTeam "CSC II"]
[BlackTeam "MK Phoenix"]
[WhiteTeamCountry "ENG"]
[BlackTeamCountry "ENG"]

1. e4 e6 2. d4 d5 3. Nc3 Bb4 4. exd5 exd5 5. Bd3 Nc6 6. a3 Bxc3+ 7. bxc3 Nge7 8. Qh5 Be6 9. Rb1 b6 10. Ne2 Qd7 11. h3 0-0-0 12. 0-0 f6 13. Nf4 Bf5 14. Ba6+ Kb8 15. Nd3 Rdg8 16. Bf4 Bxd3 17. cxd3 g6 18. Qe2 g5 19. Bh2 h5 20. Rb5 g4 21. Qb2 Ka8 22. h4 Ng6 23. Qb3 Rd8 24. a4 Nxh4 25. a5 Nf3+ 26. gxf3 gxf3 27. axb6 cxb6 28. Rxb6 axb6 29. Qxb6 Rb8 30. Qc5 Na7 31. Bxb8 Rxb8 32. Kh2 Rg8 33. Rg1 Rxg1 34. Kxg1 Qg4+ 35. Kf1 Qh3+ 36. Ke1 Qe6+ 37. Kd2 Qxa6 38. Qxd5+ Qb7 39. Qxh5 Qb2+ 40. Ke3 Qe2+ 41. Kf4 Qd2+ 42. Kg3 Qxc3 43. Qxf3+ Qc6 44. d5 Qd6+ 45. Qf4 Nb5 46. Qxd6 Nxd6 47. Kg4 Kb7 48. Kh5 Kb6 49. Kg6 Kc5 50. Kxf6 Kxd5 51. f4 Nb5 52. Kg6 Nd6 53. f5 Nxf5 54. Kxf5 Kd4 55. Ke6 Kxd3 1/2-1/2

[Event "WchT Seniors 50"]
[Site "Dresden"]
[Date "2018.07.10"]
[Round "4.9"]
[White "Schweitzer, Andreas"]
[Black "Fraser Mitchell, Jeremy N"]
[Result "1-0"]
[WhiteElo "2239"]
[BlackElo "2060"]
[PlyCount "59"]
[EventDate "2018.07.07"]
[EventType "team-swiss"]
[EventRounds "9"]
[EventCountry "GER"]
[SourceTitle "CBM 185 Extra"]
[Source "ChessBase"]
[SourceDate "2018.07.29"]
[SourceVersion "1"]
[SourceVersionDate "2018.07.29"]
[SourceQuality "1"]
[WhiteTeam "Magdeburg TU"]
[BlackTeam "England III"]
[WhiteTeamCountry "GER"]
[BlackTeamCountry "ENG"]

1. e4 e6 2. d4 d5 3. Bd3 dxe4 4. Bxe4 Nf6 5. Bf3 Be7 6. Ne2 0-0 7. Nbc3 c6 8. 0-0 Nbd7 9. Bf4 Nb6 10. Qd3 Nbd5 11. Be5 b6 12. Ne4 Bb7 13. c4 Nc7 14. Rad1 Rc8 15. Rfe1 Nce8 16. N2c3 Nxe4 17. Bxe4 g6 18. Qg3 Ng7 19. Qh3 Bd6 20. c5 Bxe5 21. dxe5 Qe7 22. Qe3 Qc7 23. Bc2 f5 24. exf6 Rxf6 25. Ne4 Rff8 26. Nd6 Rcd8 27. Bb3 bxc5 28. Bxe6+ Nxe6 29. Qxe6+ Kh8 30. Nf7+ 1-0

[Event "BCF-chT3S 1718 (4NCL) Promotion pool"]
[Site "England"]
[Date "2018.03.25"]
[Round "8.21"]
[White "Gill, Oliver"]
[Black "Fraser Mitchell, Jeremy N"]
[Result "1-0"]
[WhiteElo "2127"]
[BlackElo "2080"]
[PlyCount "107"]
[EventDate "2017.11.11"]
[EventType "team-tourn"]
[EventRounds "11"]
[EventCountry "ENG"]
[SourceTitle "EXT 2020"]
[Source "ChessBase"]
[SourceDate "2019.10.17"]
[SourceVersion "1"]
[SourceVersionDate "2019.10.17"]
[SourceQuality "1"]
[WhiteTeam "Wessex"]
[BlackTeam "MK Phoenix"]
[WhiteTeamCountry "ENG"]
[BlackTeamCountry "ENG"]

1. e4 e6 2. d4 d5 3. exd5 exd5 4. c4 Bb4+ 5. Nc3 Qe7+ 6. Be2 dxc4 7. Nf3 Nf6 8. 0-0 0-0 9. Bxc4 Bg4 10. Bg5 c6 11. Re1 Qd6 12. Ne4 Nxe4 13. Rxe4 Bxf3 14. Qxf3 Qd7 15. a3 Bd6 16. Rae1 Na6 17. Be7 Bxe7 18. Rxe7 Qxd4 19. Qxf7+ Kh8 20. Re8 Qf6 21. Qxf6 gxf6 22. R8e7 b5 23. Bd3 f5 24. R1e3 Rf6 25. Rh3 h6 26. Rg3 Nc5 27. Be2 Ne6 28. Rd3 Nf4 29. Rdd7 Nxe2+ 30. Rxe2 a5 31. Ree7 a4 32. f4 Kg8 33. Kf2 Rc8 34. Rg7+ Kh8 35. Rh7+ Kg8 36. Rdg7+ Kf8 37. Rg3 Re8 38. Rh8+ Kf7 39. Rh7+ Kf8 40. Rh8+ Kf7 41. Rxe8 Kxe8 42. Rg7 Re6 43. Rc7 Kf8 44. h3 Kg8 45. g4 fxg4 46. hxg4 Rg6 47. Kf3 Re6 48. f5 Rd6 49. Ke3 Kf8 50. Ke4 Kg8 51. Ke5 Rd5+ 52. Ke6 Rd4 53. f6 Rxg4 54. Rc8+ 1-0

[Event "BCF-chT3Sb 1718 (4NCL)"]
[Site "England"]
[Date "2018.01.14"]
[Round "4.61"]
[White "Stephens, John KF"]
[Black "Fraser Mitchell, Jeremy N"]
[Result "0-1"]
[WhiteElo "2000"]
[BlackElo "2080"]
[PlyCount "84"]
[EventDate "2017.11.11"]
[EventType "team-tourn"]
[EventRounds "11"]
[EventCountry "ENG"]
[SourceTitle "EXT 2020"]
[Source "ChessBase"]
[SourceDate "2019.10.17"]
[SourceVersion "1"]
[SourceVersionDate "2019.10.17"]
[SourceQuality "1"]
[WhiteTeam "West is Best III"]
[BlackTeam "MK Phoenix"]
[WhiteTeamCountry "WLS"]
[BlackTeamCountry "ENG"]

1. e4 e6 2. d4 d5 3. Nc3 Bb4 4. e5 c5 5. a3 Bxc3+ 6. bxc3 Qc7 7. Nf3 b6 8. h4 Ne7 9. h5 h6 10. Bd2 Ba6 11. Bxa6 Nxa6 12. Rh3 Nb8 13. Nh4 Nbc6 14. Qg4 Rg8 15. Rf3 cxd4 16. cxd4 Nxe5 17. dxe5 Qxe5+ 18. Re3 Qxa1+ 19. Ke2 Nc6 20. Rxe6+ fxe6 21. Qxe6+ Ne7 22. Nf5 Qf6 23. Nd6+ Kd8 24. Nf7+ Ke8 25. Nd6+ Kf8 26. Qd7 g5 27. Kd3 Qxf2 28. Qe6 d4 29. Qxh6+ Rg7 30. Qh8+ Ng8 31. Bb4 Re7 32. h6 Qe3+ 33. Kc4 Qe6+ 34. Kd3 a5 35. h7 Qg6+ 36. Nf5 Qxf5+ 37. Kd2 Qf4+ 38. Kd1 Qf1+ 39. Kd2 Qe1+ 40. Kd3 Qe2+ 41. Kxd4 Rd8+ 42. Kc3 axb4+ 0-1

[Event "BCF-chT3Sb 1718 (4NCL)"]
[Site "England"]
[Date "2017.11.12"]
[Round "2.72"]
[White "Fraser Mitchell, Jeremy N"]
[Black "Byron, Alan M"]
[Result "0-1"]
[WhiteElo "2080"]
[BlackElo "2082"]
[PlyCount "58"]
[EventDate "2017.11.11"]
[EventType "team-tourn"]
[EventRounds "11"]
[EventCountry "ENG"]
[SourceTitle "EXT 2020"]
[Source "ChessBase"]
[SourceDate "2019.10.17"]
[SourceVersion "1"]
[SourceVersionDate "2019.10.17"]
[SourceQuality "1"]
[WhiteTeam "MK Phoenix"]
[BlackTeam "The Rookies"]
[WhiteTeamCountry "ENG"]
[BlackTeamCountry "ENG"]

1. d4 Nf6 2. c4 g6 3. Nc3 Bg7 4. e4 d6 5. f3 0-0 6. Bg5 c5 7. d5 e6 8. Qd2 exd5 9. cxd5 a6 10. a4 Re8 11. Bd3 Qa5 12. Ra3 Nbd7 13. Nge2 Ne5 14. 0-0 Qb4 15. Rb1 Bd7 16. Nc1 b5 17. axb5 c4 18. Bf1 axb5 19. Rba1 Rxa3 20. Rxa3 Qc5+ 21. Be3 Bh6 22. Nd1 b4 23. Ra1 c3 24. bxc3 bxc3 25. Qf2 c2 26. Bxc5 cxd1Q 27. Ba3 Neg4 28. fxg4 Nxg4 29. Qe2 Qd4+ 0-1

[Event "BCF-chT3S 1617 (4NCL) Promotion pool"]
[Site "England"]
[Date "2017.03.19"]
[Round "8.43"]
[White "Fraser Mitchell, Jeremy N"]
[Black "Agnew, Alan"]
[Result "0-1"]
[WhiteElo "2078"]
[BlackElo "2119"]
[PlyCount "88"]
[EventDate "2016.11.26"]
[EventType "team-tourn"]
[EventRounds "11"]
[EventCountry "ENG"]
[SourceTitle "EXT 2019"]
[Source "ChessBase"]
[SourceDate "2018.10.10"]
[SourceVersion "1"]
[SourceVersionDate "2018.10.10"]
[SourceQuality "1"]
[WhiteTeam "MK Phoenix"]
[BlackTeam "Fermented Sharks"]
[WhiteTeamCountry "ENG"]
[BlackTeamCountry "ENG"]

1. f4 d5 2. Nf3 Nf6 3. g3 g6 4. Bg2 Bg7 5. 0-0 0-0 6. d3 c5 7. c3 Nc6 8. Qe1 d4 9. Na3 Nd5 10. Bd2 Rb8 11. Rb1 e5 12. Nxe5 Nxe5 13. fxe5 Bxe5 14. Nc4 Bg7 15. a4 Be6 16. Na3 Qd7 17. a5 Bh3 18. Bxh3 Qxh3 19. Nc2 Rbe8 20. e4 dxe3 21. Nxe3 Nxe3 22. Bxe3 Bh6 23. Rf3 Re5 24. Qd2 Rfe8 25. Bxh6 Re2 26. Rf2 Rxd2 27. Bxd2 Qd7 28. Bh6 Qh3 29. Bg5 f5 30. d4 cxd4 31. cxd4 Qh5 32. Bf6 Re2 33. Rbf1 Kf7 34. Be5 Ke6 35. Kg2 Kd5 36. h3 Rxf2+ 37. Rxf2 Qd1 38. Bf4 a6 39. Rd2 Qe1 40. h4 h5 41. Bg5 Qa1 42. Bd8 f4 43. Bb6 Qe1 44. Rf2 Qe4+ 0-1